00532nam a2200181Ia 4500008004100000082000800041100002700049245004700076250000600123260003300129300001500162500002400177650001500201700002000216942000700236952009000243999001700333230524s9999 xx 000 0 und d bSIV aS.Sivanagaraju 942003 0aElectrical Power Distribution & Automation a1 aNew DelhibDhanpat raic2012 a"XI,227p;" aQuantity Number: 1 aElectrical aV.Sankar942004 cBK 00104070aTATCLbTATCLcGENd2023-05-24l0o SIVp53857r2023-05-24w2023-05-24yBK c56416d56416